| 000 | 00622nam a2200265Ia 4500 | ||
|---|---|---|---|
| 008 | 181129s9999 xx 000 0 und d | ||
| 020 | _a9780385737951 | ||
| 050 | _bD229 2009 | ||
| 100 | _aDashner, James | ||
| 245 | 4 | _aThe maze runner / | |
| 245 | 0 | _cby James Dashner. | |
| 260 | _aNew York, NY : | ||
| 260 | _bDelacorte Press, | ||
| 260 | _c2009 | ||
| 300 | _a375 pages : | ||
| 300 | _billustrations ; | ||
| 300 | _c21cm. | ||
| 650 | _aAmnesia -- | ||
| 650 | _aCooperativeness -- | ||
| 650 | _aLabyrinths -- | ||
| 650 | _xFiction. | ||
| 650 | _xFiction. | ||
| 650 | _xFiction. | ||
| 700 | _aTitle. | ||
| 999 |
_c360235 _d360235 |
||